Представление документа в формате MARC21

Поле Инд. ПП Название Значение
Тип записи a
Библиографический уровень c
001 Контрольный номер 63afd57907234a4193b5dc19b9d97896
005 Дата корректировки 20251222114509.2
040 b Код языка каталог. rus
e Правила каталог. PSBO
041 0_ a Код языка текста rus
097 b Оператор *Ир*
245 10 a Заглавие Рабочая программа дисциплины обязательной части Блока 1 «Дисциплины (модули)» «Управление качеством продукции сварочного производства». Направление подготовки бакалавров 15.03.05 Конструкторско-технологическое обеспечение машиностроительных производств. Направленность (профиль): Организация и управление в сварочном производстве. Форма обучения – очная и заочная
b Продолж. заглавия в составе учебно-методического комплекса
c Ответственность Кафедра "Менеджмент"
c Ответственность разработчик С.Ю. Осипов
260 a Место издания Тверь
c Дата издания 2022
b Издательство ТвГТУ
440 _0 a Серия УМК-РП
500 a Примечание 72/2025э
516 8_ a Прим. о типе комп. файла/ данных Текст : электронный
535 1_ a Хранилище Сервер
655 a Жанр/ форма (устаревшее) М
773 18 w Контрольный № источника c195d6d7c61f4c4db42fdf139fe04a3e
900 a Имя макрообъекта 001-000189382-000000000-0000-0000-01
901 t Тип документа y
905 b Дата создания записи обработка 26.11.25
922 c Кафедра Менеджмент
951 i EL-ТГТУ? Да
952 a Тип литературы для КСУ ВШ М2
990 j Количество экземпляров (DOS) 1
c Приоритет заказа (DOS) д